Top 10 most populous European cities - Statistics

General Stats
  • This quiz has been taken 29 times
  • The average score is 8 of 10
Answer Stats
Answer % Correct
Barcelona
93%
Saint Petersburg/St. Petersburg
93%
Milan
89%
Manchester
85%
Naples
81%
Birmingham
74%
Istanbul
70%
Turin
67%
Hamburg
59%
Leeds
48%
No matching quizzes found
Score Distribution
Percent of People with Each Score
Percentile by Number Answered
Your Score History
You have not taken this quiz